Ecological Entanglements: (Record no. 199439)

MARC details
000 -LEADER
fixed length control field 00834nam a22002297a 4500
005 - DATE AND TIME OF LATEST TRANSACTION
control field 20231204142312.0
010 ## - LCCN (DPL NO)
LC control number ENG-138560
020 ## - INTERNATIONAL STANDARD BOOK NUMBER
International Standard Book Number 9789354422591
Terms of availability 940.00
035 ## - SYSTEM CONTROL NUMBER
System control number EN-122092
037 ## - SOURCE OF ACQUISITION
Source of stock number/acquisition DBAD/PUB
082 ## - DEWEY DECIMAL CLASSIFICATION NUMBER
Classification number 595.7
Edition number 1
245 ## - TITLE STATEMENT
Title Ecological Entanglements:
Statement of responsibility, etc Edited By Ambika Aiyadurai; Arka Chattopadhyay and Nishaant Choksi
Remainder of title Affect, Embodiment and Ethics of Care/
250 ## - EDITION STATEMENT
Edition statement 1
260 ## - PUBLICATION, DISTRIBUTION, ETC. (IMPRINT)
Place of publication, distribution, etc Telengana
Name of publisher, distributor, etc Orient BlackSwan Private Limited
Date of publication, distribution, etc 2023
270 ## - ADDRESS
Address 3-6-752, Himayatnagar, Hyderabad
City Telengana
Postal code 500029
Electronic mail address info@orientblackswan.com
300 ## - PHYSICAL DESCRIPTION
Extent 98p.
Dimensions 22cm(pbk)
Other physical details index
500 ## - GENERAL NOTE
General note Includes index
700 ## - ADDED ENTRY--PERSONAL NAME
Personal name Aiyadurai, Ambika
Relator term Editor
9 (RLIN) 59425
700 ## - ADDED ENTRY--PERSONAL NAME
Personal name Chattopadhyay, Arka
Relator term Editor
9 (RLIN) 59426
700 ## - ADDED ENTRY--PERSONAL NAME
Personal name Choksi, Nishaant
Relator term Editor
9 (RLIN) 59427
942 ## - ADDED ENTRY ELEMENTS (KOHA)
Source of classification or shelving scheme Dewey Decimal Classification
Item type English Books
Classification part 595.7
Call number suffix ECO
Holdings
Withdrawn status Lost status Not for loan Collection code Home library Current library Date acquired Source of acquisition Cost, normal purchase price Full call number Barcode Copy number Cost, replacement price Koha item type
      Non-fiction Vinoba Puri Vinoba Puri 04/12/2023 DBAD/PUB 940.00 595.7 ECO EN-122092 1 940.00 English Books

© Delhi Public Library
Hit Counter
free hit counter